| 000 | 00756nam a2200229 a 4500 | ||
|---|---|---|---|
| 008 | 120416s1996 ||||||||||||||||| || u | ||
| 020 | _a0201877619 | ||
| 050 | _aTA 330 Mod | ||
| 100 | _aWright, Jerry | ||
| 245 | 1 | 0 |
_aModern engineering mathematics.-- 2nd ed. _cGlyn James...[and others] |
| 250 | _a2nd ed. | ||
| 260 |
_aHarlow, Essex _bAddison-Wesley _c1996 |
||
| 300 | _axxviii, 954p. : ill. | ||
| 350 | _a0.00 | ||
| 650 | 0 | _aENGINEERING MATHEMATICS | |
| 650 | 0 | _aMATHEMATICS--HANDBOOKS, MANUALS, ETC | |
| 700 | _aDyke, Phil | ||
| 700 | _aJames, Glyn | ||
| 700 | _aSearl, John | ||
| 700 | _aBurley, David | ||
| 995 |
_D0.00 _FCBU-MAIN LIBRARY (Kitwe) _H1 _I45.00 _M1 _UAVAILABLE _ZShort Loan Collection |
||
| 999 |
_c51457 _d51457 |
||